=LDR 00000nam 2200000 4500 =001 NUTBA000000000000023 =005 20140313172043.0 =006 =007 =008 =035 ##$$a 0010-031400000000022 =090 ##$$a 537 =100 ##$$a Nurcahyo,Tri =245 ##$$a Mengenal Listrik =260 ##$$a Yogyakarta $b Pustaka Insan Madani $c 2011 =650 ##$$a Listrik =700 ##$$a Nurcahyo, Tri =990 ##$$a 341 =990 ##$$a 0079/PN/2014 =990 ##$$a 21400613/BPAP-NTB/20142014 =990 ##$$a 21400613/BPAP-NTB/20142014